<?xml version="1.0" encoding="UTF-8"?><?xml-stylesheet type="text/xsl" href="static/style.xsl"?><OAI-PMH xmlns="http://www.openarchives.org/OAI/2.0/" xmlns:xsi="http://www.w3.org/2001/XMLSchema-instance" xsi:schemaLocation="http://www.openarchives.org/OAI/2.0/ http://www.openarchives.org/OAI/2.0/OAI-PMH.xsd"><responseDate>2026-04-27T12:50:33Z</responseDate><request verb="GetRecord" identifier="oai:uvadoc.uva.es:10324/8422" metadataPrefix="marc">https://uvadoc.uva.es/oai/request</request><GetRecord><record><header><identifier>oai:uvadoc.uva.es:10324/8422</identifier><datestamp>2025-02-21T10:46:03Z</datestamp><setSpec>com_10324_38</setSpec><setSpec>col_10324_852</setSpec></header><metadata><record xmlns="http://www.loc.gov/MARC21/slim" xmlns:doc="http://www.lyncode.com/xoai" xmlns:xsi="http://www.w3.org/2001/XMLSchema-instance" xmlns:dcterms="http://purl.org/dc/terms/" xsi:schemaLocation="http://www.loc.gov/MARC21/slim http://www.loc.gov/standards/marcxml/schema/MARC21slim.xsd">
<leader>00925njm 22002777a 4500</leader>
<datafield tag="042" ind1=" " ind2=" ">
<subfield code="a">dc</subfield>
</datafield>
<datafield tag="720" ind1=" " ind2=" ">
<subfield code="a">Ortega García, Cristina</subfield>
<subfield code="e">author</subfield>
</datafield>
<datafield tag="260" ind1=" " ind2=" ">
<subfield code="c">2014</subfield>
</datafield>
<datafield tag="520" ind1=" " ind2=" ">
<subfield code="a">El objetivo que se persigue con este trabajo es demostrar la importancia de utilizar estrategias adecuadas para potenciar el uso de la comunicación oral en el aula de inglés, así como fomentar las destrezas comunicativas del idioma. Para ello se procede a una comparativa entre distintas estrategias con el pretexto de conocer con certeza cuál de ellas es la más efectiva para que los alumnos alcancen una expresión comunicativa oral productiva.&#xd;
Por tanto, para realizar el presente estudio, es necesaria una previa investigación de las diferentes estrategias que podemos emplear en el aula de inglés.&#xd;
A continuación se realizará una evaluación de las mismas. Con este fin, se someterá al alumnado a un cuestionario sencillo del cual será posible extraer una serie de conclusiones generales que revelarán cuál de todas las estrategias estudiadas es la más eficiente para su aprendizaje</subfield>
</datafield>
<datafield tag="024" ind2=" " ind1="8">
<subfield code="a">http://uvadoc.uva.es/handle/10324/8422</subfield>
</datafield>
<datafield ind1=" " ind2=" " tag="653">
<subfield code="a">Lengua Inglesa</subfield>
</datafield>
<datafield ind1=" " ind2=" " tag="653">
<subfield code="a">Educación primaria</subfield>
</datafield>
<datafield tag="245" ind1="0" ind2="0">
<subfield code="a">Estrategias potenciadoras de la comunicación oral en el aula de inglés</subfield>
</datafield>
</record></metadata></record></GetRecord></OAI-PMH>